000 00567cam a22002054a 4500
005 20250605164031.0
008 250528s ||||||||||||||||||||||||d
035 _a16636
020 _a571171443
040 _aGR-AtMCL
_bgre
_dGR-AtMCL
_eAACR2
245 1 _aThe Love of Women
250 _a1st
260 _bFaber And Faber,
_c1994
300 _a230
520 _aThis book is a testament to the power of friendship, a bold and fresh debut by a distinctive new voice.
700 1 _aNeuhaus Denise
_92719
942 _cBK
999 _c2114
_d2114